Statistics for City of Edinburgh

Click here to take the quiz!

General Stats

  • This quiz has been taken 19 times
    (15 since last reset)
  • The average score is 12 of 18

Answer Stats

HintAnswer% Correct
Palace that is still frequented by British royalsHolyrood Palace
93%
Busy, bustling main street in New Town, lined with shoppingPrinces Street
93%
Government building at the end of High Street next to HolyroodScottish Parliament
93%
Nickname of the main street of Old Town, also known as High StreetThe Royal Mile
93%
Magnificent centuries old building around which the city was builtEdinburgh Castle
87%
Gardens beneath the castle, where waste collected during Medieval TimesPrinces Street Gardens
87%
Ancient volcano that rises above the cityArthur's Seat
73%
Market to the West end of Princes StreetHaymarket
73%
Port city that houses the Royal Yacht BritanniaLeith
73%
Neighborhood known for its picturesque views of the river running through its heartDean Village
67%
A dog statue named after a loyal dog, with a bar of the same name nearbyGreyfriar's Bobby
67%
On the East end of Princes' Street, and supports the unfinished National Monument of ScotlandCalton Hill
53%
Largest memorial to a writer in the worldScott Monument
53%
Famously colorful and curved street that inspired Diagon AlleyVictoria Street
53%
5-star hotel, where JK Rowling finished her writing of the Harry Potter seriesBalmoral Hotel
47%
Large historical museum in the Old Town on Chambers StreetNational Museum of Scotland
47%
The former parish of John Knox and still operating as a Presbyterian ChurchSt. Giles
27%
Multi-colored marble steps near a hotel of the same nameScotsman Steps
0%

Score Distribution

Percentile by Number Answered

Percent of People with Each Score

Your Score History

You have not taken this quiz since the last reset